Technology in service sector : an introduction (Record no. 191535)

MARC details
000 -LEADER
fixed length control field 00329nam a2200121Ia 4500
008 - FIXED-LENGTH DATA ELEMENTS--GENERAL INFORMATION
fixed length control field 231217s9999 xx 000 0 und d
041 ## - LANGUAGE CODE
Language code of text/sound track or separate title English
082 ## - DEWEY DECIMAL CLASSIFICATION NUMBER
Classification number 338.454 ALA;1 R
100 ## - MAIN ENTRY--PERSONAL NAME
Personal name Alagiri, Dhandapani ed.
245 #0 - TITLE STATEMENT
Title Technology in service sector : an introduction
260 ## - PUBLICATION, DISTRIBUTION, ETC.
Date of publication, distribution, etc. NULL
Name of publisher, distributor, etc. Icfai
Place of publication, distribution, etc. Hyderabad
942 ## - ADDED ENTRY ELEMENTS (KOHA)
Koha item type Books
Holdings
Date last seen Total checkouts Full call number Accession number Cost, total (INR) price Price effective from Category Public note Lost status Damaged status Department Withdrawn status Home library Current library Shelving location Entry date Vendor Cost, normal purchase price Grants Billnumber Billdate Currency symbol Conversion rate Discount Old discount
26/01/2024   338.454 ALA;1 R 72667 38.00 26/01/2024 Books 72667     Central Library   Central Library Central Library Central Library 07/02/2011 ICFAI Press 38.00 MBA 1993 19/09/2015 RS 1    
26/01/2024   338.454 ALA;2 R1 72668 38.00 26/01/2024 Books 72668     Central Library   Central Library Central Library Central Library 07/02/2011 ICFAI Press 38.00 MBA 1993 19/09/2015 RS 1    

© For any Suggestions or Query, please contact the library staff @ librarian@pes.edu or Phone: +9180 2672 1983/ 2108.